000 00411nam a22001577a 4500
999 _c6464
_d6462
005 20210831152655.0
008 200524b xxu||||| |||| 00| 0 eng d
041 _aeng
082 _a340
100 _aBARE ACT
_95744
245 _aTHE PREVENTION OF MONEY LOUNDERING ACT 2002 ALONG WITH AIIED RULES REGULATION
260 _aDELHI
_bPROFESSIONALS BOOK
300 _a129p,
650 _aLAW
_95701
942 _cBK